| 000 | 00383nam a2200157Ia 4500 | ||
|---|---|---|---|
| 003 | OSt | ||
| 005 | 20240306094539.0 | ||
| 008 | 170523s9999 xx 000 0 und d | ||
| 020 | _a978-8184880274 | ||
| 040 | _ciimtu meerut | ||
| 100 | _aSRIVASTAVA- RM | ||
| 245 | 0 | _aMANAGEMENT OF INDIAN FINANCIAL INSTITUTIONS | |
| 260 | _bHIMALAYA PUBLICATION | ||
| 260 | _c2000 | ||
| 942 |
_2ddc _c02 |
||
| 999 |
_c955 _d955 |
||